000 00177nam a2200073Ia 4500
008 170817s9999 xx 000 0 und d
100 _aRawat.M.S
245 0 _aGanit Shikshaan
260 _bAgarwal Prakashan Agara
999 _c39367
_d39367